Electronic circuits, signals and systems / (Record no. 182778)
[ view plain ]
| 000 -LEADER | |
|---|---|
| fixed length control field | 00851 a2200181 4500 |
| 003 - CONTROL NUMBER IDENTIFIER | |
| control field | Nust |
| 005 - DATE AND TIME OF LATEST TRANSACTION | |
| control field | 20230727104530.0 |
| 040 ## - CATALOGING SOURCE | |
| Transcribing agency | Nust |
| 082 ## - DEWEY DECIMAL CLASSIFICATION NUMBER | |
| Classification number | 621.3822,MAS |
| 100 ## - MAIN ENTRY--PERSONAL NAME | |
| Personal name | Mason, Samuel J. |
| 9 (RLIN) | 113863 |
| 245 ## - TITLE STATEMENT | |
| Title | Electronic circuits, signals and systems / |
| Statement of responsibility, etc. | Samuel J. Mason and Henry J. Zimmermann |
| 260 ## - PUBLICATION, DISTRIBUTION, ETC. | |
| Place of publication, distribution, etc. | New York |
| Name of publisher, distributor, etc. | John Wiley |
| Date of publication, distribution, etc. | 1960 |
| 300 ## - PHYSICAL DESCRIPTION | |
| Extent | 616 p.; |
| 505 ## - FORMATTED CONTENTS NOTE | |
| Formatted contents note | Introduction (Page-1),Matrix Circuits Analysis(Page-6),Topological Circuits Analysis(Page-54),Linear Signal Flow Graphs(Page-92),Flow Graph Circuit Analysis(Page-127),Signal Analysis(Page-178),Transmission Of Signal Through Linear Systems(Page-310),Non Linear And Time Varying Linear Systems(Page-503),The Negative Feedback Concepts(Page-565). |
| 650 ## - SUBJECT ADDED ENTRY--TOPICAL TERM | |
| Topical term or geographic name entry element | Telecommunication Engineering. |
| 700 ## - ADDED ENTRY--PERSONAL NAME | |
| Personal name | Zimmermann, Henry J. |
| 9 (RLIN) | 113864 |
| 942 ## - ADDED ENTRY ELEMENTS (KOHA) | |
| Source of classification or shelving scheme | |
| Koha item type | Book |
| Call number prefix | 621.3822,MAS |
| Withdrawn status | Lost status | Source of classification or shelving scheme | Damaged status | Not for loan | Permanent Location | Current Location | Shelving location | Date acquired | Full call number | Barcode | Date last seen | Price effective from | Koha item type | Public note |
|---|---|---|---|---|---|---|---|---|---|---|---|---|---|---|
| Military College of Signals (MCS) | Military College of Signals (MCS) | General Stacks | 12/12/2016 | 621.3822,MAS | MCS5638 | 12/08/2016 | 12/12/2016 | Book | Almirha No 83, Shelf No 3 |
